Breve teoría del mercado para la economía agraria y otras economías sectoriales

Gardado en:
Detalles Bibliográficos
Autor Principal: Vandenberghe, Natalia (Author)
Formato: Libro
Idioma:Lingua castelá
Publicado: Zaragoza Acribia 1995
Subjects:
Tags: Engadir etiqueta
Sen Etiquetas, Sexa o primeiro en etiquetar este rexistro!

MARC

LEADER 00000nam a2200000 a 4500
001 UCI5231
003 CL-VaPUC
008 080314e19950000SP |||||||||||||||||spa|d
020 |a 8420007854 
082 0 4 |a 630.209  |b VAN  |2 21 
100 0 |a Vandenberghe, Natalia  |e author  |9 527420 
245 1 0 |a Breve teoría del mercado para la economía agraria y otras economías sectoriales 
300 |a 243 p 
942 |c BK 
945 |d 20080314 00:00:00  |a jtorresc 
260 |a Zaragoza  |b Acribia  |c 1995 
650 7 |a ECONOMIA AGRARIA  |2 CL-VaPUC  |9 264541 
650 0 |a Aspectos económicos  |9 255165 
650 7 |a DESARROLLO AGRICOLA  |2 CL-VaPUC  |9 259759 
650 0 |a Agricultura  |9 255598 
650 0 |a Producción   |9 263680 
650 7 |a DESARROLLO AGRICOLA  |2 CL-VaPUC  |9 259759 
583 |a last modification  |c 20080314 00:00:00  |k Rodrigo Vera 
999 |c 328994  |d 328992 
952 |0 0  |1 0  |4 0  |6 630_209000000000000_VAN_1995  |7 0  |8 A  |9 413230  |a BIBAGR  |b BIBAGR  |d 2019-11-22  |i 4414977  |o 630.209 VAN 1995  |p 4414977  |r 2025-01-20  |w 2019-11-22  |y BK  |k AGR